01037nam a2200205 a 450000100080000000500110000800800410001910000180006024501840007826001130026230000090037552003120038465000110069665000180070770000200072570000230074570000210076870000180078970000240080720947802018-08-30 2018 bl uuuu u00u1 u #d1 aSANTOS, L. P. aComportamento diferencial da produtividade de cultivares de mamoeiros introduzidos do Estado do Espírito Santo em condições edafoclimáticas do Amazonas.h[electronic resource] aIn: SIMPÓSIO DO PAPAYA BRASILEIRO, 7., 2018, Vitória. Produção e sustentabilidade hídrica. [s.l.]c2018 a5 p. aRealizou-se este trabalho com o objetivo geral de introduzir, avaliar e identificar cultivares adaptadas às condições de clima e solo do Estado do Amazonas, portadoras de elevado potencial produtivo e de características agronômicas favoráveis à qualidade, para futuras recomendações aos produtores. aMamão aProdutividade1 aSILVA, E. de B.1 aFERREGHETTI, G. A.1 aGARCIA, M. V. B.1 aGARCIA, T. B.1 aBARRONCAS, M. J. K.